| 000 | 00419nam a2200205Ia 4500 | ||
|---|---|---|---|
| 001 | 13838 | ||
| 003 | GE_BSU | ||
| 008 | 181216s||||||||xx |||||||||||||| ||und|| | ||
| 020 | _a9780552557795 | ||
| 040 | _cGE_BSU | ||
| 080 | _a821.111-3 | ||
| 100 | _aPrachett,Terry | ||
| 245 | _aNation | ||
| 260 | _aLondon | ||
| 260 | _bCorgi books | ||
| 260 | _c2008 | ||
| 300 | _a403p.19cm. | ||
| 653 | _aNation | ||
| 942 | _cBK | ||
| 999 |
_c46984 _d46984 |
||